Beginning android programming : (Record no. 19244)
[ view plain ]
| 000 -LEADER | |
|---|---|
| fixed length control field | 01384cam a22002897a 4500 |
| 001 - CONTROL NUMBER | |
| control field | 18116853 |
| 005 - DATE AND TIME OF LATEST TRANSACTION | |
| control field | 20150504161015.0 |
| 008 - FIXED-LENGTH DATA ELEMENTS--GENERAL INFORMATION | |
| fixed length control field | 140415t2014 caua fr 001 0 eng d |
| 020 ## - INTERNATIONAL STANDARD BOOK NUMBER | |
| International Standard Book Number | 0321956567 |
| 020 ## - INTERNATIONAL STANDARD BOOK NUMBER | |
| International Standard Book Number | 9780321956569 |
| 040 ## - CATALOGING SOURCE | |
| Original cataloging agency | YDXCP |
| Transcribing agency | YDXCP |
| Modifying agency | BTCTA |
| -- | BDX |
| -- | UKMGB |
| -- | CDX |
| -- | EINCP |
| -- | TXI |
| -- | CHVBK |
| -- | OCLCO |
| -- | DLC |
| -- | EG-ScBUE |
| 082 04 - DEWEY DECIMAL CLASSIFICATION NUMBER | |
| Classification number | 005.43768 |
| Edition number | 22 |
| Item number | GRA |
| 100 1# - MAIN ENTRY--PERSONAL NAME | |
| Personal name | Grant, Kevin. |
| 9 (RLIN) | 37782 |
| 245 10 - TITLE STATEMENT | |
| Title | Beginning android programming : |
| Remainder of title | develop and design / |
| Statement of responsibility, etc | Kevin Grant and Chris Haseman. |
| 260 ## - PUBLICATION, DISTRIBUTION, ETC. (IMPRINT) | |
| Place of publication, distribution, etc | [San Francisco] : |
| Name of publisher, distributor, etc | Peachpit Press, |
| Date of publication, distribution, etc | c.2014. |
| 300 ## - PHYSICAL DESCRIPTION | |
| Extent | xv, 256 p. : |
| Other physical details | ill. ( col.) ; |
| Dimensions | 23 cm. |
| 500 ## - GENERAL NOTE | |
| General note | Index : p. 246-256. |
| 505 0# - FORMATTED CONTENTS NOTE | |
| Formatted contents note | Getting started with Android -- Exploring the application basics -- Creating user interfaces -- Acquiring data -- Adapters, list views, and lists -- Background services -- Many devices, one application -- Movies and music -- Determining locations and using maps -- Tablets, fragments, and actions bars, oh my -- Advanced navigation -- Publishing your application -- Gradle, the new build system |
| 630 07 - SUBJECT ADDED ENTRY--UNIFORM TITLE | |
| Uniform title | Android (Electronic resource) |
| Source of heading or term | BUEsh |
| 9 (RLIN) | 37783 |
| 650 #7 - SUBJECT ADDED ENTRY--TOPICAL TERM | |
| Topical term or geographic name as entry element | Computer programming. |
| Source of heading or term | BUEsh |
| 9 (RLIN) | 3821 |
| 650 #7 - SUBJECT ADDED ENTRY--TOPICAL TERM | |
| Topical term or geographic name as entry element | Application software |
| General subdivision | Development. |
| Source of heading or term | BUEsh |
| 9 (RLIN) | 4599 |
| 651 ## - SUBJECT ADDED ENTRY--GEOGRAPHIC NAME | |
| Source of heading or term | BUEsh |
| 653 ## - INDEX TERM--UNCONTROLLED | |
| Resource For college | Informatics and Computer Science |
| Arrived date list | April2015 |
| 655 ## - INDEX TERM--GENRE/FORM | |
| Form subdivision | |
| -- | 34232 |
| 700 1# - ADDED ENTRY--PERSONAL NAME | |
| Personal name | Haseman, Chris. |
| 9 (RLIN) | 37784 |
| 942 ## - ADDED ENTRY ELEMENTS (KOHA) | |
| Source of classification or shelving scheme | Dewey Decimal Classification |
| Call number prefix | 005.43768 GRA |
| Withdrawn status | Item status | Source of classification or shelving scheme | Damaged status | Not for loan | Vendor | Home library | Current library | Shelving location | Date acquired | Source of acquisition | Cost, normal purchase price | Serial Enumeration / chronology | Total Checkouts | Full call number | Barcode | Date last seen | Date last borrowed | Cost, replacement price | Koha item type |
|---|---|---|---|---|---|---|---|---|---|---|---|---|---|---|---|---|---|---|---|
| Dewey Decimal Classification | Alahram | Central Library | Central Library | Lower Floor | 29/04/2015 | 337.00 | 332 | 2 | 005.43768 GRA | 000038093 | 15/07/2025 | 01/11/2018 | 421.25 | Book - Borrowing |